¿Terrorismo versus capitalismo?. Consecuencias para Argentina y países hispanos seleccionados (Registro nro. 23206)

Detalles MARC
000 -LEADER
fixed length control field 00390 a2200109 4500
001 - CONTROL NUMBER
control field ART_10693
005 - DATE AND TIME OF LATEST TRANSACTION
control field 20260410161831.0
008 - FIXED-LENGTH DATA ELEMENTS--GENERAL INFORMATION
fixed length control field 260409a
100 1# - MAIN ENTRY--PERSONAL NAME
Personal name Colomé, Rinaldo A.
245 10 - TITLE STATEMENT
Title ¿Terrorismo versus capitalismo?. Consecuencias para Argentina y países hispanos seleccionados
773 0# - HOST ITEM ENTRY
Title Actualidad Económica
Related parts - Año XV, Nº 56 (ene./jul. 2005)
Record control number REV5083

No hay ítems disponibles.